Politics of the womb : the perils of Ivf, surrogacy & modified babies /

Dades bibliogràfiques
Autor principal: Virani, Pinki, 1959- (Autor)
Format: Llibre
Idioma:English
Publicat: Gurgaon, Haryana, India : Penguin, Viking, 2016.
Matèries:
Classic Catalogue: View this record in Classic Catalogue
LEADER 01690nam a2200361 i 4500
001 45123
003 BD-DhAAL
005 20251229125556.0
008 160915t2016 ii b 000 0 eng d
010 |a  2016334028 
020 |a 9780670088720 
020 |a 0670088722 
025 |a I-E-2016334028; 88-92; 70-92 
035 |a 19394903 
035 |z (OCoLC)957684207 
035 |a (OCoLC)958457398 
037 |b Library of Congress -- New Delhi Overseas Office 
040 |a DKAGE  |b eng  |e rda  |c DKAGE  |d YDX  |d DKAGE  |d OCLCO  |d DLC  |d BD-DhAAL 
042 |a lccopycat  |a lcode 
050 0 0 |a RG133.5  |b .V57 2016 
082 0 4 |a 616.69206  |2 23 
100 1 |a Virani, Pinki,  |d 1959-  |e author.  |9 60015 
245 1 0 |a Politics of the womb :  |b the perils of Ivf, surrogacy & modified babies /  |c Pinki Virani. 
260 |a Gurgaon, Haryana, India :  |b Penguin, Viking,  |c 2016. 
300 |a x, 365 pages ;  |c 23 cm 
504 |a Includes bibliographical references (pages 350-362). 
530 |a Also available as an e-book. 
541 1 |a Donated by Farhana Zahir, Assistant Professor, BRAC Business School, BRAC University  |e 45123 
650 0 |a Human reproductive technology  |x Risk assessment.  |9 60016 
650 0 |a Fertilization in vitro, Human  |x Risk assessment.  |9 60017 
942 |2 ddc  |c BK 
999 |c 47688  |d 47688 
952 |0 0  |1 0  |2 ddc  |4 0  |6 616_692060000000000_VIR  |7 0  |9 78649  |a BRACUL  |b BRACUL  |c NEW  |d 2025-12-29  |e Donated by Farhana Zahir, Assistant Professor, BRAC Business School, BRAC University  |l 3  |m 24  |o 616.69206 VIR  |p 3010045123  |q 2026-06-02  |r 2026-02-03  |s 2026-02-03  |t 1  |w 2025-12-29  |y BK  |x Donated copy received from Farhana Zahir, Assistant Professor, BRAC Business School, BRAC University on 19 November 2025; ₹599.00